[Event "Calcutta op"]
[Site "Calcutta"]
[Date "1996.??.??"]
[Round "2"]
[White "Ganguly, Surya Shekhar"]
[Black "Mishra, Neeraj Kumar"]
[Result "1/2-1/2"]
[WhiteElo "2265"]
[BlackElo "2390"]

1.e4 c5 2.Nf3 e6 3.d4 cxd4 4.Nxd4 Nc6 5.Nb5 d6 6.c4 Nf6 7.N1c3 a6 8.Nd4 Qa5
9.Nb3 Qc7 10.Be2 Be7 11.Be3 b6 12.Rc1 Ne5 13.Nd2 Bb7 14.O-O Rc8 15.f4 Ned7
16.Bf3 O-O 17.Qe2 Qb8 18.Rfd1 Qa8 19.Bf2 Ne8 20.b3 Bf6 21.e5 dxe5 22.Nde4 Rd8
23.Nxf6+ gxf6 24.Bxb7 Qxb7 25.fxe5 fxe5 26.Na4 Ng7 27.c5 Nxc5 28.Nxc5 bxc5
29.Bxc5 Rfe8 30.Qxe5 Rd5 31.Qf6 Rf5 32.Qh4 Qb8 33.Rf1 Rh5 34.Qf4 Qxf4 35.Rxf4 e5
36.Rf2 f5 37.g3 Rh6 38.b4 Rc6 39.Re1 Kf7 40.Rfe2 e4 41.Rd1 Kg6 42.Rd5 Nh5
43.Be3 Nf6 44.Rc5 Rd6 45.a4 Nd7 46.Ra5 Ne5 47.b5 axb5 48.Rxb5 Nf3+ 49.Kg2 h5
50.Rb6 Rxb6 51.Bxb6 h4 52.a5 h3+ 53.Kxh3 Rh8+ 54.Kg2 Rxh2+ 55.Kf1 Rh1+ 56.Kg2 Ra1
57.g4 Kg5 58.gxf5 Kxf5  1/2-1/2

[Event "Cannes op"]
[Site "Cannes"]
[Date "1996.??.??"]
[Round "4"]
[White "Groszpeter, Attila"]
[Black "Zichichi, Alvise"]
[Result "1-0"]
[WhiteElo "2565"]
[BlackElo "2340"]

1.e4 c5 2.Nf3 e6 3.d4 cxd4 4.Nxd4 Nc6 5.Nb5 d6 6.c4 a6 7.N5c3 Nf6 8.Be2 Be7
9.O-O O-O 10.Na3 b6 11.Be3 Rb8 12.Rc1 Ne5 13.f4 Ned7 14.Bf3 Bb7 15.Qe2 Qc7
16.g4 Rfc8 17.g5 Ne8 18.f5 Qd8 19.h4 Bc6 20.Bf4 Nc7 21.Nc2 Ne5 22.Be3 b5
23.cxb5 axb5 24.Nb4 Bd7 25.Qd1 Qe8  1-0

[Event "Cannes Martinez op"]
[Site "Cannes"]
[Date "1996.??.??"]
[Round "9"]
[White "Daurelle, Herve"]
[Black "Todorov, Ognjan"]
[Result "1/2-1/2"]
[WhiteElo "2235"]
[BlackElo "2375"]

1.e4 c5 2.Nf3 e6 3.d4 cxd4 4.Nxd4 Nc6 5.Nb5 d6 6.c4 Nf6 7.N5c3 Be7 8.g3 b6
9.Bg2 Bb7 10.O-O O-O 11.b3 a6 12.Bb2 Qc7 13.Na3 Rac8 14.Rc1 Ne5 15.Nc2 Qb8
16.Re1 Rfe8 17.Qd2 b5 18.cxb5 axb5 19.Qe2 Qa8 20.f4 Ned7 21.Qxb5 Ba6 22.Qa5 Qa7+
23.Ne3 Nc5 24.Bf1 Bd8 25.Qa3 Bb6 26.Nb5 Qb8 27.Bxf6 gxf6 28.Rxc5 Rxc5 29.Qxa6 Rc2
30.Kh1 Bxe3 31.Rxe3 Rc1 32.Kg2 Rec8 33.Bc4 d5 34.exd5 exd5 35.Bxd5 R8c2+
36.Kh3 Qd8 37.Qb7 Qf8 38.Bxf7+ Qxf7 39.Qxf7+ Kxf7 40.Nd6+ Kg6 41.f5+ Kh6
42.Re7 Rxa2 43.Nf7+ Kg7 44.Ng5+ Kg8 45.Re8+ Kg7 46.Re7+ Kg8 47.Re8+ Kg7 48.Re7+ Kg8  1/2-1/2

[Event "Cannes Martinez op"]
[Site "Cannes"]
[Date "1996.??.??"]
[Round "9"]
[White "Fontaine, Robert"]
[Black "Blery, Gilles"]
[Result "1-0"]
[WhiteElo "2360"]
[BlackElo "2195"]

1.e4 c5 2.Nf3 e6 3.d4 cxd4 4.Nxd4 Nc6 5.Nb5 d6 6.Bf4 e5 7.Be3 a6 8.N5c3 Nf6
9.Bg5 Be6 10.Nd2 Be7 11.Bxf6 gxf6 12.Nc4 f5 13.exf5 Bxf5 14.Nd5 Nd4 15.Nce3 Be6
16.c3 Nf5 17.Nxf5 Bxf5 18.Bd3 Be6 19.Be4 O-O 20.Ne3 Qd7 21.Qf3 f5 22.Bd5 e4
23.Qf4 Kh8 24.O-O-O Rad8 25.Bxe6 Qxe6 26.Rd5 Qg6 27.Rxf5 Rxf5 28.Qxf5 Qxf5
29.Nxf5 Bg5+ 30.Kc2 Rf8 31.g4 Bf4 32.h3 e3 33.fxe3 Be5 34.Rd1 Rf6 35.Rf1 Kg8
36.Ne7+ Kf7 37.Rxf6+ Kxf6 38.Nf5 Kg5 39.Kd3 h5 40.Ke4 hxg4 41.hxg4 Kxg4 42.Nh6+ Kg3
43.Nf7 Kf2 44.Nxe5 dxe5 45.c4 Ke2 46.b4 Kd2 47.b5  1-0

[Event "Catalunya-chT"]
[Site "Catalunya"]
[Date "1996.??.??"]
[Round "?"]
[White "Collado Galarza, Jose"]
[Black "Cuadras, Jorge"]
[Result "1-0"]
[WhiteElo "2280"]
[BlackElo "2280"]

1.e4 c5 2.Nf3 e6 3.d4 cxd4 4.Nxd4 Nc6 5.Nb5 d6 6.c4 Nf6 7.N1c3 a6 8.Na3 Be7
9.Be2 O-O 10.O-O b6 11.Be3 Bb7 12.Rc1 Ne5 13.Qd4 Ned7 14.f3 Re8 15.Nc2 Qc7
16.Rfd1 d5 17.cxd5 exd5 18.Nxd5 Bxd5 19.exd5 Bc5 20.d6 Bxd4 21.dxc7 Bxb2
22.Rb1 Be5 23.g4 h6 24.h4 g5 25.hxg5 hxg5 26.Bxg5 Bxc7 27.Bd3 Kg7 28.Nd4 Ne5
29.Be2 Nh7 30.Nf5+ Kg6 31.Be3 Nf6 32.Kg2 Rad8 33.Rdc1 Nd5 34.f4 Nxg4 35.Bxg4 Nxe3+
36.Nxe3 Bxf4 37.Rxb6+ Kh7 38.Rh1+ Kg8 39.Nf5 a5 40.Rd1 Rxd1 41.Bxd1 Re5 42.Rb8+ Kh7
43.Rb7 Kg6 44.Nh4+ Kf6 45.Bb3 Re7 46.Rxe7 Kxe7 47.Kf3 Bh2 48.Ke4 f6 49.Kd5 Bg1
50.Kc6 Bf2 51.Nf5+ Ke8 52.a4 Be1 53.Bc4 Bd2 54.Kb6 Kd7 55.Kb5 Bc3 56.Bd5 Kc7
57.Bf3 Kd7 58.Ne3 Ke6 59.Nc4 f5 60.Nxa5 Ke5 61.Nc6+ Kf4 62.Kc4 Be1 63.Bd5 Kg3
64.Nb4 f4 65.a5 f3 66.Kb5 f2 67.Bc4 Bd2 68.a6 Be3 69.Nd5 Ba7 70.Kc6  1-0

[Event "Cetinje"]
[Site "Cetinje"]
[Date "1996.??.??"]
[Round "?"]
[White "Tosic, Miroslav"]
[Black "Poluljahov, Aleksandr"]
[Result "0-1"]
[WhiteElo "2415"]
[BlackElo "2480"]

1.e4 c5 2.Nf3 e6 3.d4 cxd4 4.Nxd4 Nc6 5.Nb5 d6 6.c4 Nf6 7.N1c3 a6 8.Na3 b6
9.g3 Bb7 10.Bg2 Qc7 11.Be3 Ne5 12.Rc1 Be7 13.O-O O-O 14.b3 Ned7 15.Qe2 Rac8
16.g4 h6 17.f4 Nh7 18.Qf2 Nc5 19.Rfd1 Qb8 20.Qc2 Nf6 21.g5 hxg5 22.fxg5 Nh5
23.Bf3 g6 24.Qg2 Ng7 25.Nab1 b5 26.cxb5 axb5 27.b4 Nd7 28.Nxb5 Ne5 29.Be2 Qa8
30.N1c3 Nc4 31.Bf2 Nf5 32.Bxc4 Rxc4 33.Qf1 Rxe4 34.Nc7 Qa3 35.Rd3 Rc4 36.Rb1 Rxc3
37.Nb5 Rxd3 38.Nxa3 Rxa3 39.Qe2  0-1

[Event "Cetinje"]
[Site "Cetinje"]
[Date "1996.??.??"]
[Round "?"]
[White "Manakova, Maria"]
[Black "Kirov, Nino"]
[Result "0-1"]
[WhiteElo "2290"]
[BlackElo "2435"]

1.e4 c5 2.Nf3 e6 3.d4 cxd4 4.Nxd4 Nc6 5.Nb5 d6 6.c4 Nf6 7.N1c3 a6 8.Na3 Be7
9.Be2 b6 10.O-O Bb7 11.Be3 O-O 12.Qd2 Rc8 13.Rfd1 Ne5 14.f3 Re8 15.Bf1 Ned7
16.Qf2 Qc7 17.Rac1 Ba8 18.Kh1 Qb8 19.Be2 Bd8 20.Nc2 Bb7 21.Qf1 Kh8 22.Bg1 Bc7
23.Ne3 Rg8 24.Qf2 g5 25.Rb1 Rg6 26.Rd2 Rcg8 27.Rbd1 Ne5 28.Nf1 Qf8 29.Qe3 Qg7
30.Bf2 Nh5 31.Ng3 Nf4 32.Rxd6 h5 33.Rxb6 Bxb6 34.Qxb6 f6 35.c5 h4 36.Nf1 g4
37.Ne3 g3 38.Bg1 h3 39.gxh3 g2+ 40.Nxg2 Rxg2 41.c6 Rxh2+  0-1

[Event "CZE-chT 9596"]
[Site "?"]
[Date "1996.??.??"]
[Round "4"]
[White "Pachmann, Ales"]
[Black "Cech, Pavel"]
[Result "1/2-1/2"]
[WhiteElo "2270"]
[BlackElo "2355"]

1.e4 c5 2.Nf3 e6 3.d4 cxd4 4.Nxd4 Nc6 5.Nb5 d6 6.c4 Nf6 7.N1c3 a6 8.Na3 Be7
9.Be2 O-O 10.O-O Qc7 11.Be3 Bd7 12.Rc1  1/2-1/2

[Event "EST-ch"]
[Site "?"]
[Date "1996.??.??"]
[Round "5"]
[White "Zavoronkov, Vladimir"]
[Black "Seeman, Tarvo"]
[Result "0-1"]
[WhiteElo "2240"]
[BlackElo "2320"]

1.e4 c5 2.Nf3 e6 3.d4 cxd4 4.Nxd4 Nc6 5.Nb5 d6 6.c4 Nf6 7.N1c3 a6 8.Na3 b6
9.Be3 Be7 10.Be2 O-O 11.Qb3 Rb8 12.O-O Ne5 13.f3 Ned7 14.Rfd1 Bb7 15.Rac1 Qc7
16.Bf1 Rbc8 17.Qc2 Qb8 18.Qf2 Rfe8 19.Kh1 Bd8 20.Nc2 Bc7 21.Qh4 Ne5 22.Bg5 Bd8
23.Ne3 h6 24.Bxf6 Bxf6 25.Qg3 Qc7 26.f4 Ng6 27.Bd3 Qc5 28.Ng4 Bh4 29.Qf3 h5
30.f5 exf5 31.Ne3 Bg5 32.Nxf5 Bxc1 33.Rxc1 h4 34.Rf1 Ne5 35.Qh5 Rc7 36.Bc2 Qxc4
37.Rf4 Ng6 38.Qg5 Qe6 39.Bb3 d5 40.Rf1 h3 41.Bxd5 Bxd5 42.exd5 hxg2+ 43.Qxg2 Qe5
44.d6 Rc5 45.Qb7 Kh7 46.Qf3 Rc4 47.Qh5+ Kg8 48.Ne7+ Rxe7 49.dxe7 Qxe7 50.Qd5 Qc7
51.Rd1 Qf4 52.Qd8+ Kh7 53.Qd3 Qh4 54.Rf1 Rf4 55.Rxf4 Qxf4 56.Kg2 b5 57.Nd5 Qg4+
58.Kf2 f5 59.h3 Qg5 60.b3 Ne5 61.Qd4 Ng6 62.a4 Qc1 63.axb5 Qc2+ 64.Kg1 axb5
65.Ne7 Qxb3 66.Nxg6 Qg3+ 67.Kf1 Qxh3+ 68.Kf2 Qh2+ 69.Kf1 Kxg6 70.Qb6+ Kh5
71.Qxb5 Qf4+ 72.Kg2 Qe4+ 73.Kf2 g5 74.Qd7 f4 75.Qh3+ Kg6 76.Qd7 Qe3+ 77.Kg2 Qe2+
78.Kg1  0-1

[Event "EST-chT"]
[Site "EST"]
[Date "1996.??.??"]
[Round "?"]
[White "Zjukin, Sergei"]
[Black "Narva, Jaan"]
[Result "0-1"]
[WhiteElo "2365"]
[BlackElo "2275"]

1.e4 e6 2.d4 c5 3.Nf3 cxd4 4.Nxd4 Nc6 5.Nb5 d6 6.c4 Nf6 7.N1c3 a6 8.Na3 Be7
9.Be2 O-O 10.O-O Ne5 11.Be3 b6 12.f3 Bb7 13.Qb3 Ned7 14.Rfd1 Qc7 15.Kh1 Rfe8
16.Bg1 Rac8 17.Rd2 Ba8 18.Rad1 g5 19.Nab5 axb5 20.Nxb5 Qb7 21.Nxd6 Bxd6 22.Rxd6 Rc6
23.R6d2 h6 24.Qe3 e5 25.b4 Kg7 26.a4 Rce6 27.a5 bxa5 28.b5 Rc8 29.Qa3 g4
30.c5 Nxc5 31.Bxc5 gxf3 32.gxf3 Nxe4 33.Rd7 Rc7 34.Rxc7 Qxc7 35.fxe4 Bxe4+
36.Kg1 Rg6+ 37.Kf1 Qc8 38.Bf2 Qf5 39.Rd8 Kh7 40.Rd6 Rg2 41.Qe3 Rxh2 42.Qxe4 Rxf2+  0-1

[Event "FIN-chT 9596"]
[Site "FIN"]
[Date "1996.??.??"]
[Round "1"]
[White "Hartikainen, Markku"]
[Black "Kivisto, Mikko"]
[Result "1-0"]
[WhiteElo "2290"]
[BlackElo "2285"]

1.e4 c5 2.Nf3 e6 3.d4 cxd4 4.Nxd4 Nc6 5.Nb5 d6 6.Bf4 e5 7.Be3 h6 8.Bc4 Nf6
9.O-O Be6 10.Bd5 Be7 11.c4 O-O 12.N1c3 a6 13.Na3 Rc8 14.Rc1 Nd7 15.Nc2 Na5
16.Na3 Nb6 17.b3 Bg5 18.Nc2 Nxd5 19.Nxd5 Bxe3 20.Ncxe3 Nc6 21.Qd3 Qg5 22.Nf5 Bxf5
23.exf5 Rfe8 24.Qe4 Nd4 25.f4 Qg4 26.Rce1 Qxf5 27.Qxf5 Nxf5 28.fxe5 Nd4 29.exd6 Rxe1
30.Rxe1 Rd8 31.c5 Ne6 32.b4 Kf8 33.Kf2 a5 34.a3 axb4 35.axb4 Ra8 36.Re2 h5
37.Rc2 Nd4 38.Rd2 Ne6 39.Nc7 Nxc7 40.dxc7 Ke7 41.b5  1-0

[Event "FIN-chT 9596"]
[Site "FIN"]
[Date "1996.??.??"]
[Round "8"]
[White "Helenius, Martti"]
[Black "Leino, Jukka"]
[Result "0-1"]
[WhiteElo "2280"]
[BlackElo "2170"]

1.e4 c5 2.Nf3 Nc6 3.d4 cxd4 4.Nxd4 e6 5.Nb5 d6 6.c4 Nf6 7.N1c3 a6 8.Na3 b6
9.Be2 Bb7 10.O-O Nb8 11.f3 Nbd7 12.Be3 Be7 13.Qd2 O-O 14.Nc2 Qc7 15.Rac1 Ne5
16.b3 Rab8 17.Kh1 Rfd8 18.Nd4 Ng6 19.Rfd1 Ba8 20.Qe1 Qa7 21.Qf2 Ne5 22.Qg3 Ng6
23.Bd3 Nh5 24.Qf2 Nf6 25.a4 d5 26.exd5 exd5 27.cxd5 Nxd5 28.Nxd5 Bxd5 29.Bc4 Qb7
30.Qe2 Bxc4 31.Rxc4 Ne5 32.Rc2 Bc5 33.f4 Ng6 34.Rcd2 Re8 35.Qf2 Qe4 36.Rd3 Rbd8
37.h3 h6 38.Bc1 Bxd4 39.Qc2 Rc8 40.Rxd4  0-1

[Event "Eikrem mem"]
[Site "Gausdal"]
[Date "1996.??.??"]
[Round "6"]
[White "Wallace, John Paul"]
[Black "Jansa, Vlastimil"]
[Result "0-1"]
[WhiteElo "2365"]
[BlackElo "2490"]

1.e4 c5 2.Nf3 Nc6 3.d4 cxd4 4.Nxd4 e6 5.Nb5 d6 6.c4 Nf6 7.N1c3 a6 8.Na3 Be7
9.Be2 O-O 10.O-O b6 11.Be3 Ne5 12.f4 Ned7 13.Bf3 Bb7 14.Qe2 Rc8 15.Rac1 h6
16.Nab1 Qc7 17.Nd2 Qb8 18.a3 Rc7 19.Qf2 Nc5 20.e5 dxe5 21.fxe5 Nh7 22.b4 Nd3
23.Qg3 Nxc1 24.Bxh6 Ng5 25.Bxg5 Bxg5 26.Qxg5 Qd8 27.Qe3 Qd3 28.Kf2 Bxf3 29.gxf3 Rd8
30.Nde4 Qxe3+ 31.Kxe3 Rd3+ 32.Kf4 Nb3 33.Na4 Rxc4 34.Nb2 Nd2 35.Rf2 Rxf3+
36.Rxf3 Rxe4+ 37.Kg3 Nxf3  0-1

[Event "Eikrem mem"]
[Site "Gausdal"]
[Date "1996.??.??"]
[Round "9"]
[White "Westerinen, Heikki MJ"]
[Black "Jansa, Vlastimil"]
[Result "1-0"]
[WhiteElo "2430"]
[BlackElo "2490"]

1.e4 c5 2.Nf3 e6 3.d4 cxd4 4.Nxd4 Nc6 5.Nb5 d6 6.Bf4 e5 7.Be3 Nf6 8.f3 a6
9.N5c3 Be6 10.Nd5 Bxd5 11.exd5 Qa5+ 12.Nc3 Ne7 13.Bc4 Rc8 14.Bb3 Ng6 15.O-O Be7
16.Ne4 O-O 17.Ng3 Bd8 18.Qe1 Ne7 19.c4 Qxe1 20.Rfxe1 Ba5 21.Red1 Bb4 22.Bg5 h6
23.Bxf6 gxf6 24.a3 Bc5+ 25.Kf1 f5 26.Bc2 Bd4 27.Nxf5 Nxf5 28.Bxf5 Rxc4 29.b3 Rc3
30.Rab1 Kg7 31.Rdc1 Kf6 32.Rxc3 Bxc3 33.g4 h5 34.h3 a5 35.Rc1 Bb2 36.Rc7 Bxa3
37.Rxb7 Kg5 38.Rc7 f6 39.Rc8 Rf7 40.Ke2 Rb7 41.Bc2 h4 42.Rh8 Rc7 43.Bd3 Rc3
44.Rh5+ Kf4 45.Rf5+ Kg3 46.Rxf6 Rxb3 47.g5 Rb2+ 48.Ke3 Rb7 49.g6 a4 50.Ke4 Rb4+
51.Kf5 Rf4+ 52.Kg5 Rxf6 53.g7 Rxf3 54.Bg6 e4 55.g8=Q Kf2 56.Qc8 e3 57.Bh5 e2
58.Qc2 Re3 59.Kxh4 Bb4 60.Qf5+ Ke1 61.Qb1+ Kf2 62.Bxe2 Be1 63.Bg4 a3 64.Kg5 Bc3
65.h4 Bb2 66.h5 Re5+ 67.Kf4 Re1 68.Qc2+ Kg1 69.Bf3  1-0

[Event "Landesliga S9596 Bayern"]
[Site "Germany"]
[Date "1996.??.??"]
[Round "?"]
[White "Bromberger, Stefan"]
[Black "Galow, Wolfgang"]
[Result "1/2-1/2"]
[WhiteElo "2055"]
[BlackElo "1905"]

1.e4 c5 2.Nf3 e6 3.d4 cxd4 4.Nxd4 Nc6 5.Nb5 d6 6.c4 a6 7.N5c3 Nf6 8.Na3 Be7
9.Be2 Qc7 10.O-O b6 11.Be3 Bb7 12.Rc1 Ne5 13.f4 Ned7 14.Bf3 Nc5 15.Qc2 Rc8
16.Nab1 Qb8 17.b4 Ncd7 18.Qe2 O-O 19.Nd2 Qa8 20.Rfd1 Rfd8 21.g4 d5 22.cxd5 Bxb4
23.Na4 exd5 24.e5 Rxc1 25.Rxc1 Ne4 26.Bxe4 dxe4 27.Nc4 b5 28.Nab6 Nxb6 29.Nxb6 Qb8
30.Qc2 Ba3 31.Rd1 Rxd1+ 32.Qxd1 g5 33.Nd7 Qc7 34.Nf6+ Kh8 35.Qd4 Bc1 36.Nxe4 Bxe3+
37.Qxe3 gxf4 38.Qxf4 Bxe4 39.Qxe4 Qc1+ 40.Kf2 Qb2+ 41.Qe2 Qd4+ 42.Kg3 Qd5
43.Kh4 a5 44.h3 b4 45.Qf2 Qe6 46.Qc5 Kg7 47.Qxa5  1/2-1/2

[Event "Goch op"]
[Site "Goch"]
[Date "1996.??.??"]
[Round "4"]
[White "Vogel, Christian"]
[Black "Preuschoff, Michael"]
[Result "1/2-1/2"]
[WhiteElo "2020"]
[BlackElo "2270"]

1.e4 c5 2.Nf3 e6 3.d4 cxd4 4.Nxd4 Nc6 5.Nb5 d6 6.c4 Nf6 7.N1c3 a6 8.Na3 Be7
9.Be2 b6 10.Be3 Bb7 11.O-O Ne5 12.f4 Ned7 13.Bf3 O-O 14.Qe2 Re8 15.Rfd1 Bf8
16.Rac1 g6 17.g4 e5 18.f5 gxf5 19.gxf5 Kh8 20.Nc2 Be7 21.Nb4 Rg8+ 22.Kh1 b5
23.Ncd5 bxc4 24.Rxc4 Bf8 25.Nc6 Bxc6 26.Rxc6 Nxd5 27.Rxd5 Qh4 28.Rd1 Nf6
29.Bf2 Qh3 30.Rg1 Rxg1+ 31.Bxg1 a5 32.Be3 Rb8 33.Bg2 Qh4 34.Bf2 Qg4 35.Bf3 Qg5
36.Be3 Qh4 37.Bf2 Qh3 38.Bg2 Qg4 39.Bf3 Qg5 40.Be3 Qh4 41.Bf2 Qg5 42.Be3  1/2-1/2

[Event "Goch op"]
[Site "Goch"]
[Date "1996.??.??"]
[Round "5"]
[White "Jung, Thomas"]
[Black "Ebeling, Jens"]
[Result "1-0"]
[WhiteElo "2135"]
[BlackElo "1915"]

1.e4 c5 2.Nf3 e6 3.d4 cxd4 4.Nxd4 Nc6 5.Nb5 d6 6.c4 Nf6 7.N1c3 a6 8.Na3 Be7
9.Be2 O-O 10.O-O b6 11.Be3 Ne5 12.f3 Rb8 13.Qe1 h6 14.Qf2 Ned7 15.Rfd1 Qc7
16.Rac1 Rb7 17.Nc2 Rd8 18.Nd4 Nb8 19.b3 Rd7 20.Kh1 Qd8 21.f4 Bf8 22.f5 e5
23.Nc2 Nc6 24.h3 Ne7 25.Bd3 Rb8 26.Nb4 b5 27.cxb5 axb5 28.Nxb5 Qa5 29.Nc6 Nxc6
30.Rxc6 Nxe4 31.Bxe4 Qxb5 32.Rdc1 Rd8 33.Rb6  1-0

[Event "Hessen-ch"]
[Site "Hofbieber"]
[Date "1996.??.??"]
[Round "1"]
[White "Zude, Arno"]
[Black "Schmitzer, Klaus"]
[Result "1/2-1/2"]
[WhiteElo "2440"]
[BlackElo "2355"]

1.e4 c5 2.Nf3 e6 3.d4 cxd4 4.Nxd4 Nc6 5.Nb5 d6 6.c4 Be7 7.N1c3 a6 8.Na3 Nf6
9.Be2 O-O 10.O-O b6 11.Be3 Bb7 12.Qb3 Nd7 13.Rfd1 Nc5 14.Qc2 Qc7 15.Rac1 Rfd8
16.Qb1 Nb4 17.Nc2 Nxc2 18.Qxc2 Rac8  1/2-1/2

[Event "HUN-chT1 9596"]
[Site "HUN"]
[Date "1996.??.??"]
[Round "11"]
[White "Poor, Sandor"]
[Black "Tenyi, Jozsef"]
[Result "1/2-1/2"]
[WhiteElo "2225"]
[BlackElo "2185"]

1.e4 c5 2.Nf3 e6 3.d4 cxd4 4.Nxd4 Nc6 5.Nb5 d6 6.Bf4 e5 7.Be3 Nf6 8.f3 a6
9.N5c3 Be6 10.a4 Be7 11.Na3 d5 12.exd5 Nxd5 13.Nxd5 Qxd5 14.Qxd5 Bxd5 15.Nc4 Nb4
16.Na3 Bc6 17.c3 Nd5 18.Bf2 O-O 19.Nc4 Rfe8 20.Na5 Bg5 21.Nxc6 bxc6 22.Kd1 Red8
23.Kc2 Be3 24.Bg3 Nf4 25.Be1 a5 26.g3 Nd5 27.Bd3 Rab8 28.Be4 Bc5 29.Bd2 g6
30.g4 f6 31.h4 Ne7 32.Bd3 Rb7 33.Bc4+ Kg7 34.Rad1 Rbd7 35.h5 g5 36.Bc1 h6
37.Rxd7 Rxd7 38.Bd3 f5 39.Re1 Kf6 40.gxf5 Nxf5 41.Bd2 Bf8 42.Bxf5 Kxf5 43.Re4 c5
44.Be3 Ke6 45.Bd2 Rf7 46.c4 Rxf3 47.Bxa5 Kf5 48.Re2 Bd6 49.Bb6 Ke6 50.a5 Kd7
51.a6 Kc6 52.Ba5 Rf4 53.b3 e4 54.Bc3 Kb6 55.Rd2 Bf8 56.Be5 Rf3 57.Re2 e3
58.Kd3 Kxa6 59.Rxe3 Rxe3+ 60.Kxe3 Kb6 61.Ke4 Kc6 62.Kf5 Kd7 63.Bc3 Ke8 64.Ke6 Kd8
65.Be5 Ke8 66.Bf6 g4 67.Be5 Be7 68.Kf5 Kf7 69.Bf4 Bf8 70.Kxg4 Ke6 71.Bg3 Bg7  1/2-1/2

[Event "HUN-chT1 9596"]
[Site "HUN"]
[Date "1996.??.??"]
[Round "12"]
[White "Turzo, Attila"]
[Black "Medvegy, Nora"]
[Result "1-0"]
[WhiteElo "2265"]
[BlackElo "2235"]

1.e4 c5 2.Nf3 e6 3.d4 cxd4 4.Nxd4 Nc6 5.Nb5 d6 6.c4 Nf6 7.N1c3 a6 8.Na3 b6
9.Be2 Bb7 10.O-O Nb8 11.f3 Nbd7 12.Be3 Be7 13.Qd2 O-O 14.Rfd1 Rc8 15.Rac1 Re8
16.Bf1 Qc7 17.Kh1 Qb8 18.Nc2 Kh8 19.b3 Ba8 20.Bg1 Rg8 21.Ne3 Bc6 22.b4 Bb7
23.a3 g5 24.Qd4 Rg6 25.Ng4 Bd8 26.Nxf6 Nxf6 27.Na4 Rc6 28.e5 Nd7 29.exd6+ e5
30.Qc3 Rgxd6 31.c5 bxc5 32.bxc5 Rxd1 33.Rxd1 Qc7 34.Qd2 Bc8 35.Nb6 Rxb6 36.cxb6 Qb7
37.Qd5  1-0

[Event "HUN-chT1 9697"]
[Site "Hungary"]
[Date "1996.??.??"]
[Round "1"]
[White "Sleisz, Tamas"]
[Black "Horvath, Zoltan"]
[Result "0-1"]
[WhiteElo "2280"]
[BlackElo "2360"]

1.e4 c5 2.Nf3 e6 3.d4 cxd4 4.Nxd4 Nc6 5.Nb5 d6 6.c4 Nf6 7.N1c3 a6 8.Na3 Be7
9.Be3 O-O 10.Be2 b6 11.Qb3 Rb8 12.O-O Bd7 13.Rfd1 Rb7 14.Rd2 Qb8 15.Qd1 Ne5
16.f4 Ng6 17.Qf1 b5 18.cxb5 axb5 19.Naxb5 Nxe4 20.Nxe4 Bxb5 21.b3 Bxe2 22.Rxe2 d5
23.Ng3 Bd6 24.Rf2 Rb4 25.Bd2 Bc5 26.Bxb4 Qxb4 27.f5 exf5 28.Kh1 f4 29.Ne2 Bxf2
30.Qxf2 Qd2 31.Qe1 Qe3 32.Ng1 d4 33.Qf1 d3 34.Re1 Qd4 35.Nf3 Qd5 36.Rd1 Rd8
37.Qe1 h5 38.Qc3 f6 39.Kg1 Ne5 40.Kf2 Kh7 41.h3 Nxf3 42.gxf3 h4 43.Qe1 Kh6
44.Qe4 Qc5+ 45.Kf1 Qe3 46.Re1 Qd2 47.Qf5 Qh2 48.Qg4 Qg3 49.a4 d2 50.Rd1 f5
51.Qxg3 fxg3 52.a5 Kg5 53.a6 Kf4 54.b4 Kxf3 55.b5 g2+ 56.Kg1 Kg3 57.b6 Re8  0-1

[Event "HUN-chT1 9697"]
[Site "Hungary"]
[Date "1996.??.??"]
[Round "5"]
[White "Turzo, Attila"]
[Black "Szilagyi, Peter"]
[Result "1-0"]
[WhiteElo "2360"]
[BlackElo "2415"]

1.e4 c5 2.Nf3 e6 3.d4 cxd4 4.Nxd4 Nc6 5.Nb5 d6 6.c4 a6 7.N5a3 Nf6 8.Nc3 Be7
9.Be2 O-O 10.O-O b6 11.Be3 Bb7 12.Qb3 Nd7 13.Rfd1 Nc5 14.Qc2 Rc8 15.f3 g5
16.Rac1 Kh8 17.Qd2 Rg8 18.Nc2 Ne5 19.Bd4 f6 20.Bf2 g4 21.f4 Nf3+ 22.gxf3 gxf3+
23.Bg3 fxe2 24.Qxe2 f5 25.exf5 Bh4 26.Kf2 e5 27.Qd2 Bxg3+ 28.hxg3 Rxg3 29.Kxg3 Qf6
30.Qh2 Qxf5 31.Kf2 Nd3+ 32.Rxd3 Qxd3 33.Ne3 Qd2+ 34.Ne2 Rf8 35.f5 Qd3 36.Rg1 Rxf5+
37.Nxf5 Qxf5+ 38.Ke3  1-0

[Event "ISR-chT"]
[Site "Israel"]
[Date "1996.??.??"]
[Round "4"]
[White "Malachi, Avraham"]
[Black "Kogan, Artur"]
[Result "1/2-1/2"]
[WhiteElo "2250"]
[BlackElo "2485"]

1.e4 c5 2.Nf3 Nc6 3.d4 cxd4 4.Nxd4 e6 5.Nb5 d6 6.c4 Nf6 7.N1c3 a6 8.Na3 Be7
9.Be2 b6 10.O-O Bb7 11.Be3 O-O 12.f3 Ne5 13.Qb3 Nfd7 14.Rad1 Rb8 15.Kh1 Nc5
16.Qc2 f5 17.b4 Ncd7 18.exf5 Rxf5 19.f4 Ng6 20.Bg4 Nh4 21.Bxf5 Bxg2+ 22.Qxg2 Nxg2
23.Bxe6+  1/2-1/2

[Event "IND-ch"]
[Site "Kasaragod"]
[Date "1996.??.??"]
[Round "4"]
[White "Mari Arul, S."]
[Black "Tilak, Sharad S"]
[Result "1-0"]
[WhiteElo "2325"]
[BlackElo "2385"]

1.e4 c5 2.Nf3 e6 3.d4 cxd4 4.Nxd4 Nc6 5.Nb5 d6 6.c4 Nf6 7.N1c3 a6 8.Na3 Be7
9.Be2 O-O 10.O-O b6 11.Be3 Bb7 12.Qb3 Nd7 13.Rfd1 Nc5 14.Qc2 Qc7 15.Rac1 Rac8
16.f3 Qb8 17.Bf1 Rfe8 18.Qf2 Ne5 19.Kh1 Bd8 20.Rd2 Bc7 21.Rcd1 Bc6 22.Bd4 Ncd7
23.b4 Bb7 24.Ne2 Bd8 25.Ng3 Ba8 26.Bb2 Be7 27.Nh5 g6 28.Ng3 d5 29.cxd5 Bxb4
30.dxe6 Nf6 31.exf7+ Kxf7 32.Bxa6 Bxd2 33.Bxc8 Bb4 34.Ba6 Bc5 35.Qd2 Re7
36.Nc4 Nc6 37.Qg5 Re6 38.Bb5 Ne7 39.Bxf6  1-0

[Event "IND-ch"]
[Site "Kasaragod"]
[Date "1996.??.??"]
[Round "9"]
[White "Konguveel, Ponnuswamy"]
[Black "Mishra, Neeraj Kumar"]
[Result "1-0"]
[WhiteElo "2395"]
[BlackElo "2390"]

1.e4 c5 2.Nf3 e6 3.d4 cxd4 4.Nxd4 Nc6 5.Nb5 d6 6.c4 Nf6 7.N1c3 a6 8.Na3 b6
9.Be2 Bb7 10.O-O Nb8 11.f3 Nbd7 12.Be3 Qc7 13.Qd2 Be7 14.Rac1 O-O 15.Rfd1 Rac8
16.Bf1 Qb8 17.Kh1 Rfe8 18.Bg1 Qa8 19.Nc2 Red8 20.Re1 Bf8 21.Na4 Qa7 22.b4 d5
23.cxd5 exd5 24.e5 Ne8 25.Qe3 d4 26.Nxd4 Rxc1 27.Rxc1 Bxb4 28.e6 Ndf6 29.exf7+ Kxf7
30.Qe6+ Kf8 31.Qb3 Rxd4 32.Bxd4 Be7 33.Nxb6 Qb8 34.Nc8  1-0

[Event "IND-ch"]
[Site "Kasaragod"]
[Date "1996.??.??"]
[Round "15"]
[White "Ramesh, RB."]
[Black "Mishra, Neeraj Kumar"]
[Result "1/2-1/2"]
[WhiteElo "2415"]
[BlackElo "2390"]

1.e4 c5 2.Nf3 e6 3.d4 cxd4 4.Nxd4 Nc6 5.Nb5 d6 6.Bf4 e5 7.Be3 a6 8.N5c3 Nf6
9.Bg5 Be7 10.Nd2 O-O 11.Nc4 Nd4 12.Bxf6 Bxf6 13.Nd5 b5 14.Ncb6 Rb8 15.Nxc8 Rxc8
16.c3 Nc6 17.Be2 Bg5 18.O-O Ne7 19.a4 Nxd5 20.Qxd5 Rc5 21.Qb7 Qc8 22.Qxc8 Rfxc8
23.axb5 axb5 24.Rfd1 Be7 25.Ra7 Kf8 26.Rd5 Rxd5 27.exd5 b4 28.Ba6 Rb8 29.cxb4 Ke8
30.Bb7 Bg5 31.b5 Kf8 32.Bc6 f5 33.Kf1 e4 34.Rd7 Be7 35.Ke2 Kf7 36.Ra7 Kf6
37.f3 exf3+ 38.Kxf3 g5 39.Ra1 Kf7 40.Re1 Bf6 41.Re6 Be5 42.h3 h5 43.Rh6 h4
44.Re6  1/2-1/2

[Event "Lahti We LahS X op"]
[Site "Lahti"]
[Date "1996.??.??"]
[Round "5"]
[White "Tammela, Kari"]
[Black "Kiik, Kalle"]
[Result "0-1"]
[WhiteElo "2305"]
[BlackElo "2385"]

1.e4 c5 2.Nf3 e6 3.d4 cxd4 4.Nxd4 Nc6 5.Nb5 d6 6.c4 Nf6 7.N1c3 a6 8.Na3 Be7
9.Be2 b6 10.O-O Bb7 11.Nc2 Nb8 12.Bf3 Nbd7 13.Bf4 Qc7 14.Qe2 O-O 15.Rfd1 Rac8
16.Ne3 Ne5 17.Bxe5 dxe5 18.a3 Bc5 19.Nc2 Rfd8 20.Rxd8+ Rxd8 21.Rd1 Bd4 22.Nxd4 exd4
23.Nb1 Qe5 24.Nd2 a5 25.b4 g5 26.h3 axb4 27.axb4 Bc6 28.b5 Bb7 29.Re1 h6
30.Qd1 Nd7 31.Nf1 Ra8 32.Re2 Nc5 33.Nd2 d3 34.Re1 Ra2 35.Qc1 Rc2 36.Qd1 Qb2
37.Nf1 Rxf2 38.Nh2 Rd2 39.Qa1 Qxa1 40.Rxa1 Rc2  0-1

[Event "SWE-ch"]
[Site "Linkoping"]
[Date "1996.??.??"]
[Round "8"]
[White "Ernst, Thomas"]
[Black "Ornstein, Axel"]
[Result "1/2-1/2"]
[WhiteElo "2410"]
[BlackElo "2440"]

1.e4 c5 2.Nf3 Nc6 3.d4 cxd4 4.Nxd4 e6 5.Nb5 d6 6.c4 Nf6 7.N1c3 a6 8.Na3 Be7
9.Be2 O-O 10.O-O b6 11.Be3 Rb8 12.Rc1 Bb7 13.Qb3 Ba8 14.Rfd1 Ne5 15.f3 Re8
16.Kh1 Qc7 17.Qc2 Ned7 18.Bf1 Rbd8 19.Qf2 Qb8 20.Nab1 d5 21.cxd5 exd5 22.Nxd5 Nxd5
23.exd5 Bd6 24.g3 b5 25.Nc3 Nf6 26.Ba7 Qb7 27.Bg2 Be5 28.Bd4 Bxd4 29.Qxd4 Nxd5
30.Re1 Nxc3 31.Qxc3 Qd5 32.a3 h5 33.Rxe8+ Rxe8 34.Re1 Rxe1+ 35.Qxe1 Qd4 36.h4 Bd5
37.Qe2 Bc4 38.Qc2 a5 39.f4 g6  1/2-1/2

[Event "SWE-ch"]
[Site "Linkoping"]
[Date "1996.??.??"]
[Round "10"]
[White "Ernst, Thomas"]
[Black "Sjoberg, Mats"]
[Result "1-0"]
[WhiteElo "2410"]
[BlackElo "2445"]

1.e4 c5 2.Nf3 e6 3.d4 cxd4 4.Nxd4 Nc6 5.Nb5 d6 6.c4 Nf6 7.N1c3 a6 8.Na3 Be7
9.Be2 b6 10.O-O Bb7 11.Be3 Rb8 12.Rc1 h6 13.Qd2 Ne5 14.f3 g5 15.Nc2 Rc8 16.b3 Rg8
17.Kh1 Nfd7 18.Nd4 Ng6 19.Na4 h5 20.b4 h4 21.h3 Nf4 22.Nb3 Nh5 23.Rfd1 Bc6
24.Nb2 Ng3+ 25.Kg1 Ne5 26.a4 Bf8 27.c5 g4 28.hxg4 h3 29.g5 Be7 30.f4 Nxe4
31.Qd4 Bxg5 32.fxg5 Rxg5 33.g4 Nxg4 34.Qh8+ Kd7 35.Qxd8+ Rxd8 36.Bxg5 Rg8
37.b5 axb5 38.axb5 Bd5 39.Rxd5 Ne5 40.Rxe5 dxe5 41.Kh2 Rxg5 42.Bf3  1-0

[Event "Lisboa Masters-B"]
[Site "Lisboa"]
[Date "1996.??.??"]
[Round "2"]
[White "Morais, Vitor"]
[Black "Gaspar, Artur"]
[Result "1-0"]
[WhiteElo "2190"]
[BlackElo "2245"]

1.e4 c5 2.Nf3 e6 3.d4 cxd4 4.Nxd4 Nc6 5.Nb5 d6 6.a4 Nf6 7.N1c3 a6 8.Na3 d5
9.exd5 exd5 10.Bd3 Bg4 11.Be2 Be6 12.O-O d4 13.Ncb1 Bd6 14.Nc4 Bc7 15.Bg5 h6
16.Bh4 Bxh2+ 17.Kxh2 Ng4+ 18.Bxg4 Qxh4+ 19.Kg1 Bxc4 20.Re1+ Kf8 21.b3 Bd5
22.c4 Be6 23.Bxe6 fxe6 24.Rxe6 Kf7 25.Re1 Rhe8 26.Qf3+ Kg8 27.Nd2 Kh8 28.Re4 Rxe4
29.Qxe4 Qf6 30.Nf3 Rd8 31.Rd1 Qd6 32.Rd3 Qa3 33.Kh2 Qd6+ 34.g3 Qc5 35.Kg2 Qd6
36.Nh4 Ne5 37.Qxe5  1-0